La sagrada Biblia, nuevamente traducida de la Vulgata Latina al español

Guardat en:
Dades bibliogràfiques
Autor principal: Torres Amat, Félix (Autor)
Format: Llibre
Idioma:espanyol
Publicat: Madrid Imprenta Miguel de Burgos 1834
Edició:2a. ed
Matèries:
Etiquetes: Afegir etiqueta
Sense etiquetes, Sigues el primer a etiquetar aquest registre!

MARC

LEADER 00000cam a2200000 a 4500
001 UCD2293
003 CL-VaPUC
008 160421e18340000sp |||||||||||||||||spa|d
082 0 4 |a 220  |b TOR  |2 21 
100 0 |a Torres Amat, Félix  |e author  |9 585610 
245 1 3 |a La sagrada Biblia, nuevamente traducida de la Vulgata Latina al español 
250 |a 2a. ed 
300 |a 638 p 
942 |c BK 
945 |d 20160421 23:07:00  |a dcastane 
260 |a Madrid  |b Imprenta Miguel de Burgos  |c 1834 
500 |a Aclarado el sentido de algunos lugares con la luz que dan los textos originales hebreo y griego e ilustrada con varias notas sacadas de los santos padres y expositores sagrados 
650 0 |a Biblia  |9 257603 
650 0 |a Antiguo testamento   |9 313678 
650 0 |a Nuevo testamento  |9 257604 
650 0 |a Textos sagrados   |9 257605 
583 |a last modification  |c 20160421 23:07:00  |k Rodrigo Vera 
999 |c 363456  |d 363454 
952 |0 0  |1 0  |3 erd  |4 0  |6 220_000000000000000_TOR_1834  |7 0  |8 X  |9 475868  |a BIBTEO  |b BIBTEO  |c TEO_FFR  |i 5226341  |o 220 TOR 1834  |p 5226341  |r 2024-01-18  |w 2019-11-24  |y BK_X  |z Catalogado en:20160421  |k OFM 
952 |0 0  |1 0  |3 erd  |4 0  |6 220_000000000000000_TOR_1834  |7 0  |8 X  |9 475869  |a BIBTEO  |b BIBTEO  |c TEO_FFR  |i 522635K  |o 220 TOR 1834  |p 522635K  |r 2024-01-18  |w 2019-11-24  |y BK_X  |z Catalogado en:20160421  |k OFM